000 00589nam a2200169 i 4500
001 37797
003 ES-MaACL
005 20250921063024.0
007 t|
008 030221q1900 sp ||||1| spa d
100 1 _aCabanellas Ferrer, Virgilio,
_d1873-1954
_933135
245 1 0 _aAl ejército de Cuba
_b: poesías /
_cpor Virgilio Cabanellas.
260 _aCartagena :
_b[s.n.,
_cca. 1900] (
_fImp. de J. Requena)
300 _a7 p., [2] h. de lám. ;
_c20 cm.
852 _aES-MaACL
_jT-863-F-4
_z.- Enc. en un vol. facticio conservando la enc. original
999 _c37797
_d37797